000 00893nam a2200265 a 4500
001 000047965
005 20210409114021.0
008 181005s1988 sp r 000 0 spa d
020 _a8437605601
040 _aDO-SdBNP
_bspa
_cBNPHU
082 _a862.62
_bG216b
100 _aGarcía Lorca, Federico,
_d1898-1936
_914727
245 1 0 _aBodas de sangre /
_cFederico García Lorca ; edicción Allen Josephs, Juan Caballero.
250 _a4a ed.
260 _aMadrid :
_bCátedra,
_c1988.
300 _a167 p. ;
_c18 cm.
500 _aIncluye referencias bibliográficas y notas al pie de las páginas
504 _aBibliografía : p. 83-90
590 _aInventariado, 2019/BT
650 4 _aTeatro español
_93071
650 4 _aLiteratura española
_9632
700 1 _aJosephs, Allen,
_eed.
_975488
700 1 _aCaballero, Juan,
_eed.
_975489
910 _aValidado. Control de calidad. MFF
999 _c47453
_d47453